Differential geometry / (Record no. 29853)

MARC details
000 -LEADER
fixed length control field 00880nam a2200241 a 4500
005 - DATE AND TIME OF LATEST TRANSACTION
control field 20090831162415.0
008 - FIXED-LENGTH DATA ELEMENTS--GENERAL INFORMATION
fixed length control field 060731s1999 nyua b 000 0 eng d
010 ## - LCCN (DPL NO)
LC control number ENG-94999
020 ## - INTERNATIONAL STANDARD BOOK NUMBER
Terms of availability 175.00
035 ## - SYSTEM CONTROL NUMBER
System control number EN-78532
037 ## - SOURCE OF ACQUISITION
Source of stock number/acquisition DBAD / PUB
040 ## - CATALOGING SOURCE
Original cataloging agency dpl
Language of cataloging English
082 ## - DEWEY DECIMAL CLASSIFICATION NUMBER
Classification number 516.36
100 ## - MAIN ENTRY--PERSONAL NAME
Personal name Majumdar, M.
245 ## - TITLE STATEMENT
Title Differential geometry /
Statement of responsibility, etc by M. Majumdar [and] A. Bhattacharyya
260 ## - PUBLICATION, DISTRIBUTION, ETC. (IMPRINT)
Place of publication, distribution, etc Kolkata
Name of publisher, distributor, etc Books & Allied
Date of publication, distribution, etc 2009
270 ## - ADDRESS
Address 8/1, Chintamoni Das Lane,
City Kolkata
Postal code 700009
300 ## - PHYSICAL DESCRIPTION
Extent 164, iip.
Dimensions 23cm(pbk)
500 ## - GENERAL NOTE
General note Includes bibliographical references and index
700 ## - ADDED ENTRY--PERSONAL NAME
Personal name Bhattacharyya, A.
942 ## - ADDED ENTRY ELEMENTS (KOHA)
Source of classification or shelving scheme Dewey Decimal Classification
Item type English Books
Call number suffix MAJ
Classification part 516.36
Holdings
Withdrawn status Lost status Source of classification or shelving scheme Damaged status Not for loan Collection code Home library Current library Date acquired Source of acquisition Cost, normal purchase price Total Checkouts Full call number Barcode Date last seen Copy number Cost, replacement price Koha item type
    Dewey Decimal Classification   Not For Loan Non-fiction D.B.Act.Division D.B.Act.Division 31/08/2009 DBAD / PUB 175.00   516.36 MAJ EN-78532 31/08/2009 1 175.00 English Books

© Delhi Public Library
Hit Counter
free hit counter